| 000 | 00821nam a2200205 a 4500 | ||
|---|---|---|---|
| 001 | 001174778 | ||
| 003 | AM-YeHGA | ||
| 005 | 20250617152648.0 | ||
| 008 | 160909s1977 ||| r 000 0 rus d | ||
| 040 | _aAM-YeHGA | ||
| 041 | 0 | _arus | |
| 100 | 1 | _aПудовкин, Михаил Александрович | |
| 245 | 1 | 0 |
_aЗадачи теплообмена в приложении к теории бурения скважин / _cМ.А. Пудовкин, В.А. Чугунов, А.Н. Саламатин. |
| 260 |
_aКазань : _bИзд-во Казан. ун-та, _c1977. |
||
| 300 |
_a182 с. : _bграф. |
||
| 653 | 0 | _aБурение скважин | |
| 700 | 1 | _aЧугунов, Владимир Аркадьевич | |
| 700 | 1 | _aСаламатин, Андрей Николаевич | |
| 090 | _c377064 | ||
| 999 |
_c375179 _d375179 |
||